|
|
|
|
| LEADER |
00961nab#a2200349#ar4500 |
| 001 |
000040939 |
| 003 |
SVKKK |
| 005 |
00000000000000.0 |
| 008 |
c xo e sloo |
| FMT |
|
|
|
| 038 |
|
|
|a SVKKK
|
| 040 |
|
|
|a SVKKK
|b slo
|e AACR2
|
| 041 |
1 |
|
|a slo
|h HUN
|
| 044 |
|
|
|a xo
|c SK
|
| 080 |
|
|
|a 373.3=945.11:371.12
|2 1981
|
| 100 |
1 |
|
|a Csicsay, Alajos
|4 aut
|
| 242 |
1 |
|
|b Na návšteve u manželov Lázslóovcov
|
| 242 |
1 |
0 |
|a Na zvyšovanie úrovne nestačí len vôľa
|
| 245 |
1 |
0 |
|a A színvonalemeléshez nem csak akarat kell :
|b Látogatóban a László házaspárnál
|c Csicsay Alajos,
|
| 300 |
|
|
|b Fotogr. 2
|
| 650 |
0 |
4 |
|a manželia Lászlóovci
|
| 650 |
0 |
4 |
|a učitelia uznávaní
|
| 650 |
0 |
4 |
|a školy alternatívne
|x rozhovory
|
| 773 |
0 |
|
|t Katedra
|g Roč. 5, č. 4(1997), s. 8-9
|
| 957 |
|
|
|a Hroboňovo
|
| 958 |
|
|
|a DS
|
| 958 |
|
|
|a PED
|
| 974 |
|
|
|d 980206
|a Fa
|
| 992 |
|
|
|a RBX
|
| BAS |
|
|
|
| 852 |
|
|
|a SVKKK
|b BIB
|
| 998 |
|
|
|a REG
|